000 00946nam a2200229Ii 4500
003 JO-AjNU
008 230605s9999||||xx |||||||||||||| ||und||
017 _a2011/9458
020 _a978-977-438-215-3
040 _aJO-AjNU
_bara
_erda
_cJO-AjNU
041 _aara
050 1 4 _ak564.2012
100 3 _a الفيل، علي عدنان ,
_eauthor
_943847
245 0 0 _aإجراءات التحرى وجمع الأدلة والتحقيق الإبتدائي في الجريمة المعلوماتية " دراسة مقارنة "
250 _a(د،ط)
264 3 1 _aالاسكندرية : المكتب الجامعي الحديث ، 2011
300 _a270ص
336 _atext
_btxt
_2rdacontent
337 _aunmediated
_bn
_2rdamedia
338 _avolume
_bnc
_2rdacarrier
650 4 _aجرائم الحاسبات الالكترونية -- قوانين وتشريعات -- أمن المعلومات -- قوانين وتشريعات
_943848
999 _aA18880
_c22448
_d22448